| 000 | 00982nam a22002297a 4500 | ||
|---|---|---|---|
| 999 |
_c3180 _d3180 |
||
| 005 | 20231031094632.0 | ||
| 008 | 231031b ||||| |||| 00| 0 eng d | ||
| 020 | _a9781442411906 | ||
| 040 | _cKH8 | ||
| 082 | _aFIC RUS | ||
| 100 |
_aRussell, Rachel Renee _eAuthor |
||
| 245 |
_aTales from a not-so-talented pop star / _cRachel Renee Russell |
||
| 260 |
_aLondon, _bSimon and Schuster, _c2019 |
||
| 300 |
_a 311 pages : _billustrations ; _c20 cm. |
||
| 440 |
_a Dork diaries, _v 3 |
||
| 500 | _aAlso published in paperback by same publisher, 2015 and 2016 Also published as "Tales from a not-so-talented pop star" | ||
| 520 | _aLet the spotlight showdown commence...Nikki Maxwell's school is holding a talent competition and Nikki can't wait to start practising dance moves with her BFFs, Chloe and Zoey, and impressing Brandon, her crush, with her singing skills! | ||
| 650 | _aChildren's stories | ||
| 650 | _aDiary fiction | ||
| 650 | _aFiction | ||
| 942 |
_2ddc _cFIC |
||